{"text_format":"3","workbook":"xlsx","n_sheets":1,"sheets":["明细"],"not_rendered":{"images":4},"read":"whole","date_system":"1900"}

{"sheet":"明细","index":0,"n_rows":390,"n_cols":16,"rows_kept":390,"merged":[[0,0,0,15],[1,0,1,11],[1,12,1,15],[2,0,2,1],[2,2,2,10],[2,11,2,15],[3,0,3,1],[3,2,3,10],[3,11,3,15],[4,0,4,1],[4,2,4,10],[4,11,4,15],[5,0,5,1],[5,2,5,10],[5,11,5,15],[6,0,6,1],[6,2,6,10],[6,11,6,15],[7,0,7,1],[7,2,7,10],[7,11,7,15],[8,0,8,1],[8,2,8,10],[8,11,8,15],[9,0,9,1],[9,2,9,10],[9,11,9,15],[10,0,10,1],[10,2,10,10],[10,11,10,15],[11,0,11,1],[11,2,11,10],[11,11,11,15],[12,0,12,1],[12,2,12,10],[12,11,12,15],[13,0,13,1],[13,2,13,10],[13,11,13,15],[14,0,14,1],[14,2,14,10],[14,11,14,15],[15,0,15,1],[15,2,15,10],[15,11,15,15],[16,0,16,1],[16,2,16,10],[16,11,16,15],[17,0,17,1],[17,2,17,10],[17,11,17,15],[18,0,18,1],[18,2,18,10],[18,11,18,15],[19,0,19,1],[19,2,19,10],[19,11,19,15],[20,0,20,1],[20,2,20,10],[20,11,20,15],[21,0,21,1],[21,2,21,10],[21,11,21,15],[22,0,22,1],[22,2,22,10],[22,11,22,15],[23,0,23,1],[23,2,23,10],[23,11,23,15],[24,0,24,1],[24,2,24,10],[24,11,24,15],[25,0,25,1],[25,2,25,10],[25,11,25,15],[26,0,26,1],[26,2,26,10],[26,11,26,15],[27,0,27,1],[27,2,27,10],[27,11,27,15],[28,0,28,1],[28,2,28,10],[28,11,28,15],[29,0,29,1],[29,2,29,10],[29,11,29,15],[30,0,30,1],[30,2,30,10],[30,11,30,15],[31,0,31,1],[31,2,31,10],[31,11,31,15],[32,0,32,1],[32,2,32,10],[32,11,32,15],[33,0,33,1],[33,2,33,10],[33,11,33,15],[34,0,34,1],[34,2,34,10],[34,11,34,15],[35,0,35,1],[35,2,35,10],[35,11,35,15],[36,0,36,6],[36,7,36,12],[36,13,36,15],[37,0,37,9],[37,10,37,15],[38,0,39,0],[38,1,39,3],[38,5,39,8],[38,9,39,9],[38,10,39,12],[38,13,38,14],[39,13,39,14],[40,1,40,3],[40,5,40,8],[40,10,40,12],[40,13,40,14],[41,1,41,3],[41,5,41,8],[41,10,41,12],[41,13,41,14],[42,1,42,3],[42,5,42,8],[42,10,42,12],[42,13,42,14],[43,1,43,3],[43,5,43,8],[43,10,43,12],[43,13,43,14],[44,1,44,3],[44,5,44,8],[44,10,44,12],[44,13,44,14],[45,1,45,3],[45,5,45,8],[45,10,45,12],[45,13,45,14],[46,1,46,3],[46,5,46,8],[46,10,46,12],[46,13,46,14],[47,1,47,3],[47,5,47,8],[47,10,47,12],[47,13,47,14],[48,1,48,3],[48,5,48,8],[48,10,48,12],[48,13,48,14],[49,1,49,3],[49,5,49,8],[49,10,49,12],[49,13,49,14],[50,1,50,3],[50,5,50,8],[50,10,50,12],[50,13,50,14],[51,1,51,3],[51,5,51,8],[51,10,51,12],[51,13,51,14],[52,1,52,3],[52,5,52,8],[52,10,52,12],[52,13,52,14],[53,1,53,3],[53,5,53,8],[53,10,53,12],[53,13,53,14],[54,1,54,3],[54,5,54,8],[54,10,54,12],[54,13,54,14],[55,1,55,3],[55,5,55,8],[55,10,55,12],[55,13,55,14],[56,1,56,3],[56,5,56,8],[56,10,56,12],[56,13,56,14],[57,1,57,3],[57,5,57,8],[57,10,57,12],[57,13,57,14],[58,1,58,3],[58,5,58,8],[58,10,58,12],[58,13,58,14],[59,0,59,9],[59,10,59,14],[60,0,60,15],[61,0,61,9],[61,10,61,15],[62,0,63,0],[62,1,63,3],[62,5,63,8],[62,9,63,9],[62,10,63,12],[62,13,62,14],[63,13,63,14],[64,1,64,3],[64,5,64,8],[64,10,64,12],[64,13,64,14],[65,1,65,3],[65,5,65,8],[65,10,65,12],[65,13,65,14],[66,1,66,3],[66,5,66,8],[66,10,66,12],[66,13,66,14],[67,1,67,3],[67,5,67,8],[67,10,67,12],[67,13,67,14],[68,1,68,3],[68,5,68,8],[68,10,68,12],[68,13,68,14],[69,1,69,3],[69,5,69,8],[69,10,69,12],[69,13,69,14],[70,1,70,3],[70,5,70,8],[70,10,70,12],[70,13,70,14],[71,1,71,3],[71,5,71,8],[71,10,71,12],[71,13,71,14],[72,1,72,3],[72,5,72,8],[72,10,72,12],[72,13,72,14],[73,1,73,3],[73,5,73,8],[73,10,73,12],[73,13,73,14],[74,1,74,3],[74,5,74,8],[74,10,74,12],[74,13,74,14],[75,1,75,3],[75,5,75,8],[75,10,75,12],[75,13,75,14],[76,1,76,3],[76,5,76,8],[76,10,76,12],[76,13,76,14],[77,1,77,3],[77,5,77,8],[77,10,77,12],[77,13,77,14],[78,0,78,9],[78,10,78,14],[79,0,79,15],[80,0,80,9],[80,10,80,15],[81,0,82,0],[81,5,82,8],[81,9,82,9],[81,10,82,12],[81,13,81,14],[82,13,82,14],[83,1,83,3],[83,5,83,8],[83,10,83,12],[83,13,83,14],[84,1,84,3],[84,5,84,8],[84,10,84,12],[84,13,84,14],[85,1,85,3],[85,5,85,8],[85,10,85,12],[85,13,85,14],[86,1,86,3],[86,5,86,8],[86,10,86,12],[86,13,86,14],[87,1,87,3],[87,5,87,8],[87,10,87,12],[87,13,87,14],[88,1,88,3],[88,5,88,8],[88,10,88,12],[88,13,88,14],[89,1,89,3],[89,5,89,8],[89,10,89,12],[89,13,89,14],[90,1,90,3],[90,5,90,8],[90,10,90,12],[90,13,90,14],[91,1,91,3],[91,5,91,8],[91,10,91,12],[91,13,91,14],[92,1,92,3],[92,5,92,8],[92,10,92,12],[92,13,92,14],[93,1,93,3],[93,5,93,8],[93,10,93,12],[93,13,93,14],[94,1,94,3],[94,5,94,8],[94,10,94,12],[94,13,94,14],[95,1,95,3],[95,5,95,8],[95,10,95,12],[95,13,95,14],[96,1,96,3],[96,5,96,8],[96,10,96,12],[96,13,96,14],[97,1,97,3],[97,5,97,8],[97,10,97,12],[97,13,97,14],[98,1,98,3],[98,5,98,8],[98,10,98,12],[98,13,98,14],[99,0,99,9],[99,10,99,14],[100,0,100,15],[101,0,101,9],[101,10,101,15],[102,0,103,0],[102,1,103,3],[102,5,103,8],[102,9,103,9],[102,10,103,12],[102,13,102,14],[103,13,103,14],[104,1,104,3],[104,5,104,8],[104,10,104,12],[104,13,104,14],[105,1,105,3],[105,5,105,8],[105,10,105,12],[105,13,105,14],[106,1,106,3],[106,5,106,8],[106,10,106,12],[106,13,106,14],[107,1,107,3],[107,5,107,8],[107,10,107,12],[107,13,107,14],[108,1,108,3],[108,5,108,8],[108,10,108,12],[108,13,108,14],[109,1,109,3],[109,5,109,8],[109,10,109,12],[109,13,109,14],[110,1,110,3],[110,5,110,8],[110,10,110,12],[110,13,110,14],[111,1,111,3],[111,5,111,8],[111,10,111,12],[111,13,111,14],[112,1,112,3],[112,5,112,8],[112,10,112,12],[112,13,112,14],[113,1,113,3],[113,5,113,8],[113,10,113,12],[113,13,113,14],[114,1,114,3],[114,5,114,8],[114,10,114,12],[114,13,114,14],[115,1,115,3],[115,5,115,8],[115,10,115,12],[115,13,115,14],[116,1,116,3],[116,5,116,8],[116,10,116,12],[116,13,116,14],[117,1,117,3],[117,5,117,8],[117,10,117,12],[117,13,117,14],[118,0,118,9],[118,10,118,14],[119,0,119,15],[120,0,120,9],[120,10,120,15],[121,0,122,0],[121,1,122,3],[121,5,122,8],[121,9,122,9],[121,10,122,12],[121,13,121,14],[122,13,122,14],[123,1,123,3],[123,5,123,8],[123,10,123,12],[123,13,123,14],[124,1,124,3],[124,5,124,8],[124,10,124,12],[124,13,124,14],[125,1,125,3],[125,5,125,8],[125,10,125,12],[125,13,125,14],[126,1,126,3],[126,5,126,8],[126,10,126,12],[126,13,126,14],[127,1,127,3],[127,5,127,8],[127,10,127,12],[127,13,127,14],[128,1,128,3],[128,5,128,8],[128,10,128,12],[128,13,128,14],[129,1,129,3],[129,5,129,8],[129,10,129,12],[129,13,129,14],[130,1,130,3],[130,5,130,8],[130,10,130,12],[130,13,130,14],[131,1,131,3],[131,5,131,8],[131,10,131,12],[131,13,131,14],[132,1,132,3],[132,5,132,8],[132,10,132,12],[132,13,132,14],[133,1,133,3],[133,5,133,8],[133,10,133,12],[133,13,133,14],[134,1,134,3],[134,5,134,8],[134,10,134,12],[134,13,134,14],[135,1,135,3],[135,5,135,8],[135,10,135,12],[135,13,135,14],[136,1,136,3],[136,5,136,8],[136,10,136,12],[136,13,136,14],[137,1,137,3],[137,5,137,8],[137,10,137,12],[137,13,137,14],[138,1,138,3],[138,5,138,8],[138,10,138,12],[138,13,138,14],[139,1,139,3],[139,5,139,8],[139,10,139,12],[139,13,139,14],[140,1,140,3],[140,5,140,8],[140,10,140,12],[140,13,140,14],[141,0,141,9],[141,10,141,14],[142,0,142,15],[143,0,143,9],[143,10,143,15],[144,0,145,0],[144,1,145,3],[144,5,145,8],[144,9,145,9],[144,10,145,12],[144,13,144,14],[145,13,145,14],[146,1,146,3],[146,5,146,8],[146,10,146,12],[146,13,146,14],[147,1,147,3],[147,5,147,8],[147,10,147,12],[147,13,147,14],[148,1,148,3],[148,5,148,8],[148,10,148,12],[148,13,148,14],[149,1,149,3],[149,5,149,8],[149,10,149,12],[149,13,149,14],[150,1,150,3],[150,5,150,8],[150,10,150,12],[150,13,150,14],[151,1,151,3],[151,5,151,8],[151,10,151,12],[151,13,151,14],[152,1,152,3],[152,5,152,8],[152,10,152,12],[152,13,152,14],[153,1,153,3],[153,5,153,8],[153,10,153,12],[153,13,153,14],[154,1,154,3],[154,5,154,8],[154,10,154,12],[154,13,154,14],[155,1,155,3],[155,5,155,8],[155,10,155,12],[155,13,155,14],[156,1,156,3],[156,5,156,8],[156,10,156,12],[156,13,156,14],[157,1,157,3],[157,5,157,8],[157,10,157,12],[157,13,157,14],[158,0,158,9],[158,10,158,14],[159,0,159,15],[160,0,160,9],[160,10,160,15],[161,0,162,0],[161,5,162,8],[161,9,162,9],[161,10,162,12],[161,13,161,14],[162,13,162,14],[163,1,163,3],[163,5,163,8],[163,10,163,12],[163,13,163,14],[164,1,164,3],[164,5,164,8],[164,10,164,12],[164,13,164,14],[165,1,165,3],[165,5,165,8],[165,10,165,12],[165,13,165,14],[166,1,166,3],[166,5,166,8],[166,10,166,12],[166,13,166,14],[167,1,167,3],[167,5,167,8],[167,10,167,12],[167,13,167,14],[168,1,168,3],[168,5,168,8],[168,10,168,12],[168,13,168,14],[169,0,169,9],[169,10,169,14],[170,0,170,15],[171,0,171,9],[171,10,171,15],[172,1,173,3],[172,5,173,8],[172,9,173,9],[172,10,173,12],[172,13,172,14],[173,13,173,14],[174,1,174,3],[174,5,174,8],[174,10,174,12],[174,13,174,14],[175,1,175,3],[175,5,175,8],[175,10,175,12],[175,13,175,14],[176,1,176,3],[176,5,176,8],[176,10,176,12],[176,13,176,14],[177,1,177,3],[177,5,177,8],[177,10,177,12],[177,13,177,14],[178,1,178,3],[178,5,178,8],[178,10,178,12],[178,13,178,14],[179,1,179,3],[179,5,179,8],[179,10,179,12],[179,13,179,14],[180,1,180,3],[180,5,180,8],[180,10,180,12],[180,13,180,14],[181,1,181,3],[181,5,181,8],[181,10,181,12],[181,13,181,14],[182,1,182,3],[182,5,182,8],[182,10,182,12],[182,13,182,14],[183,1,183,3],[183,5,183,8],[183,10,183,12],[183,13,183,14],[184,1,184,3],[184,5,184,8],[184,10,184,12],[184,13,184,14],[185,1,185,3],[185,5,185,8],[185,10,185,12],[185,13,185,14],[186,1,186,3],[186,5,186,8],[186,10,186,12],[186,13,186,14],[187,1,187,3],[187,5,187,8],[187,10,187,12],[187,13,187,14],[188,0,188,9],[188,10,188,14],[189,0,189,15],[190,0,190,9],[190,10,190,15],[191,1,192,3],[191,5,192,8],[191,9,192,9],[191,10,192,12],[191,13,191,14],[192,13,192,14],[193,1,193,3],[193,5,193,8],[193,10,193,12],[193,13,193,14],[194,1,194,3],[194,5,194,8],[194,10,194,12],[194,13,194,14],[195,1,195,3],[195,5,195,8],[195,10,195,12],[195,13,195,14],[196,1,196,3],[196,5,196,8],[196,10,196,12],[196,13,196,14],[197,1,197,3],[197,5,197,8],[197,10,197,12],[197,13,197,14],[198,1,198,3],[198,5,198,8],[198,10,198,12],[198,13,198,14],[199,1,199,3],[199,5,199,8],[199,10,199,12],[199,13,199,14],[200,1,200,3],[200,5,200,8],[200,10,200,12],[200,13,200,14],[201,1,201,3],[201,5,201,8],[201,10,201,12],[201,13,201,14],[202,1,202,3],[202,5,202,8],[202,10,202,12],[202,13,202,14],[203,1,203,3],[203,5,203,8],[203,10,203,12],[203,13,203,14],[204,1,204,3],[204,5,204,8],[204,10,204,12],[204,13,204,14],[205,1,205,3],[205,5,205,8],[205,10,205,12],[205,13,205,14],[206,1,206,3],[206,5,206,8],[206,10,206,12],[206,13,206,14],[207,1,207,3],[207,5,207,8],[207,10,207,12],[207,13,207,14],[208,1,208,3],[208,5,208,8],[208,10,208,12],[208,13,208,14],[209,0,209,9],[209,10,209,14],[210,0,210,15],[211,0,211,9],[211,10,211,15],[212,1,213,3],[212,5,213,8],[212,9,213,9],[212,10,213,12],[212,13,212,14],[213,13,213,14],[214,1,214,3],[214,5,214,8],[214,10,214,12],[214,13,214,14],[215,1,215,3],[215,5,215,8],[215,10,215,12],[215,13,215,14],[216,1,216,3],[216,5,216,8],[216,10,216,12],[216,13,216,14],[217,1,217,3],[217,5,217,8],[217,10,217,12],[217,13,217,14],[218,1,218,3],[218,5,218,8],[218,10,218,12],[218,13,218,14],[219,1,219,3],[219,5,219,8],[219,10,219,12],[219,13,219,14],[220,1,220,3],[220,5,220,8],[220,10,220,12],[220,13,220,14],[221,1,221,3],[221,5,221,8],[221,10,221,12],[221,13,221,14],[222,1,222,3],[222,5,222,8],[222,10,222,12],[222,13,222,14],[223,1,223,3],[223,5,223,8],[223,10,223,12],[223,13,223,14],[224,1,224,3],[224,5,224,8],[224,10,224,12],[224,13,224,14],[225,1,225,3],[225,5,225,8],[225,10,225,12],[225,13,225,14],[226,1,226,3],[226,5,226,8],[226,10,226,12],[226,13,226,14],[227,0,227,9],[227,10,227,14],[228,0,228,15],[229,0,229,9],[229,10,229,15],[230,1,231,3],[230,5,231,8],[230,9,231,9],[230,10,231,12],[230,13,230,14],[231,13,231,14],[232,1,232,3],[232,5,232,8],[232,10,232,12],[232,13,232,14],[233,1,233,3],[233,5,233,8],[233,10,233,12],[233,13,233,14],[234,1,234,3],[234,5,234,8],[234,10,234,12],[234,13,234,14],[235,1,235,3],[235,5,235,8],[235,10,235,12],[235,13,235,14],[236,1,236,3],[236,5,236,8],[236,10,236,12],[236,13,236,14],[237,1,237,3],[237,5,237,8],[237,10,237,12],[237,13,237,14],[238,1,238,3],[238,5,238,8],[238,10,238,12],[238,13,238,14],[239,1,239,3],[239,5,239,8],[239,10,239,12],[239,13,239,14],[240,1,240,3],[240,5,240,8],[240,10,240,12],[240,13,240,14],[241,1,241,3],[241,5,241,8],[241,10,241,12],[241,13,241,14],[242,1,242,3],[242,5,242,8],[242,10,242,12],[242,13,242,14],[243,1,243,3],[243,5,243,8],[243,10,243,12],[243,13,243,14],[244,1,244,3],[244,5,244,8],[244,10,244,12],[244,13,244,14],[245,1,245,3],[245,5,245,8],[245,10,245,12],[245,13,245,14],[246,0,246,9],[246,10,246,14],[247,0,247,15],[248,0,248,15],[249,0,249,9],[249,10,249,15],[250,1,251,3],[250,5,251,8],[250,9,251,9],[250,10,251,12],[250,13,250,15],[251,13,251,14],[252,1,252,3],[252,5,252,8],[252,10,252,12],[252,13,252,14],[253,1,253,3],[253,5,253,8],[253,10,253,12],[253,13,253,14],[254,1,254,3],[254,5,254,8],[254,10,254,12],[254,13,254,14],[255,1,255,3],[255,5,255,8],[255,10,255,12],[255,13,255,14],[256,1,256,3],[256,5,256,8],[256,10,256,12],[256,13,256,14],[257,1,257,3],[257,5,257,8],[257,10,257,12],[257,13,257,14],[258,1,258,3],[258,5,258,8],[258,10,258,12],[258,13,258,14],[259,1,259,3],[259,5,259,8],[259,10,259,12],[259,13,259,14],[260,1,260,3],[260,5,260,8],[260,10,260,12],[260,13,260,14],[261,1,261,3],[261,5,261,8],[261,10,261,12],[261,13,261,14],[262,1,262,3],[262,5,262,8],[262,10,262,12],[262,13,262,14],[263,0,263,14],[264,0,264,15],[265,0,265,9],[265,10,265,15],[266,5,267,8],[266,9,267,9],[266,10,267,12],[266,13,266,14],[267,13,267,14],[268,1,268,3],[268,5,268,8],[268,10,268,12],[268,13,268,14],[269,1,269,3],[269,5,269,8],[269,10,269,12],[269,13,269,14],[270,1,270,3],[270,5,270,8],[270,10,270,12],[270,13,270,14],[271,1,271,3],[271,5,271,8],[271,10,271,12],[271,13,271,14],[272,1,272,3],[272,5,272,8],[272,10,272,12],[272,13,272,14],[273,1,273,3],[273,5,273,8],[273,10,273,12],[273,13,273,14],[274,1,274,3],[274,5,274,8],[274,10,274,12],[274,13,274,14],[275,1,275,3],[275,5,275,8],[275,10,275,12],[275,13,275,14],[276,1,276,3],[276,5,276,8],[276,10,276,12],[276,13,276,14],[277,1,277,3],[277,5,277,8],[277,10,277,12],[277,13,277,14],[278,1,278,3],[278,5,278,8],[278,10,278,12],[278,13,278,14],[279,1,279,3],[279,5,279,8],[279,10,279,12],[279,13,279,14],[280,1,280,3],[280,5,280,8],[280,10,280,12],[280,13,280,14],[281,0,281,9],[281,10,281,14],[282,0,282,15],[283,0,283,15],[284,0,284,9],[284,10,284,15],[285,1,286,3],[285,5,286,8],[285,9,286,9],[285,10,286,12],[285,13,285,15],[286,13,286,14],[287,1,287,3],[287,5,287,8],[287,10,287,12],[287,13,287,14],[288,1,288,3],[288,5,288,8],[288,10,288,12],[288,13,288,14],[289,1,289,3],[289,5,289,8],[289,10,289,12],[289,13,289,14],[290,1,290,3],[290,5,290,8],[290,10,290,12],[290,13,290,14]],"merged_total":1383,"flags":["merged_cut"]}
[]
[{"$nulls":12},"第 1 页  共 1 页",null,null,""]
["序号","","汇总内容",null,"","",{"$nulls":3},"","","金额:(元)",{"$nulls":3},""]
["一","","分部分项工程和单价措施项目费",null,"","",{"$nulls":3},"","",1184617.05,{"$nulls":3},""]
[1.1,1.1,"其中：人工费",null,"","",{"$nulls":3},"","",269000.36,{"$nulls":3},""]
[1.2,1.2,"其中：施工机具使用费",null,"","",{"$nulls":3},"","",61262.13,{"$nulls":3},""]
[1.3,1.3,"新旧管连接",null,"","",{"$nulls":3},"","",4194.92,{"$nulls":3},""]
[1.4,1.4,"设备",null,"","",{"$nulls":3},"","",{"v":195254.5,"d":"195254.50"},{"$nulls":3},""]
[1.5,1.5,"阀门",null,"","",{"$nulls":3},"","",55317.35,{"$nulls":3},""]
[1.6,1.6,"报警器",null,"","",{"$nulls":3},"","",122666.49,{"$nulls":3},""]
[1.7,1.7,"调压柜",null,"","",{"$nulls":3},"","",{"v":11677.6,"d":"11677.60"},{"$nulls":3},""]
[1.8,1.8,"管道",null,"","",{"$nulls":3},"","",237783.72,{"$nulls":3},""]
[1.9,1.9,"管沟",null,"","",{"$nulls":3},"","",38696.87,{"$nulls":3},""]
[{"v":1.1,"d":"1.10"},{"v":1.1,"d":"1.10"},"管件",null,"","",{"$nulls":3},"","",68382.08,{"$nulls":3},""]
[1.11,1.11,"阀门井dn110-绿化路面",null,"","",{"$nulls":3},"","",{"v":14757.2,"d":"14757.20"},{"$nulls":3},""]
[1.12,1.12,"阀门井dn110-水泥路面",null,"","",{"$nulls":3},"","",8859.48,{"$nulls":3},""]
[1.13,1.13,"检查井",null,"","",{"$nulls":3},"","",19221.56,{"$nulls":3},""]
[1.14,1.14,"其他",null,"","",{"$nulls":3},"","",261671.13,{"$nulls":3},""]
[1.15,1.15,"定向钻-dn110（绿化路面）",null,"","",{"$nulls":3},"","",61458.98,{"$nulls":3},""]
[1.16,1.16,"定向钻-dn110（水泥路面）",null,"","",{"$nulls":3},"","",30222.81,{"$nulls":3},""]
[1.17,1.17,"定向钻-dn160（水泥路面）",null,"","",{"$nulls":3},"","",{"v":21787.5,"d":"21787.50"},{"$nulls":3},""]
[1.18,1.18,"立柱基础",null,"","",{"$nulls":3},"","",16902.28,{"$nulls":3},""]
["二","","总价措施",null,"","",{"$nulls":3},"","",26289.98,{"$nulls":3},""]
[2.1,2.1,"安全文明施工费",null,"","",{"$nulls":3},"","",23659.08,{"$nulls":3},""]
[2.2,2.2,"其他总价措施费",null,"","",{"$nulls":3},"","",{"v":2630.9,"d":"2630.90"},{"$nulls":3},""]
["三","","其他项目费",null,"","",{"$nulls":3},"","",{"$nulls":4},""]
[3.1,3.1,"其中：人工费",null,"","",{"$nulls":3},"","",{"$nulls":4},""]
[3.2,3.2,"其中：施工机具使用费",null,"","",{"$nulls":3},"","",{"$nulls":4},""]
["四","","人工费调整",null,"","",{"$nulls":3},"","",-1435.19,{"$nulls":3},""]
["五","","增值税",null,"","",{"$nulls":3},"","",108852.47,{"$nulls":3},""]
["六","","甲供费用（单列不计入造价)",null,"","",{"$nulls":3},"","",{"$nulls":4},""]
["七","","设计费",null,"","",{"$nulls":3},"","",55309.12,{"$nulls":3},""]
["八","","监理费",null,"","",{"$nulls":3},"","",55309.12,{"$nulls":3},""]
["九","","造价咨询服务费",null,"","",{"$nulls":3},"","",7743.28,{"$nulls":3},""]
["十","","含税工程造价",null,"","",{"$nulls":3},"","",1436685.83,{"$nulls":3},""]
[null,"",null,null,"","",{"$nulls":3},"","",{"$nulls":4},""]
["编制人 :","",null,null,"","",null,"审核人 :",null,"","",null,null,"\n编制日期:",null,""]
[{"$nulls":10},"第 1 页  共 18 页"]
["序号","项目编码",null,null,"项目名称","项目特征描述",{"$nulls":3},"计量\n单位","工程量",null,null,"金额",null,"（元）"]
[{"$nulls":13},"综合单价",null,"合价"]
[{"$nulls":4},"新旧管连接"]
[{"$nulls":4},"安装"]
[1,"040501014001",null,null,"新旧管连接","1.名称:新旧管连接-de160\n2.材质及规格:PE管_de160_黑色\n3.连接方式:熔接",{"$nulls":3},"处",1,null,null,{"v":1249.4,"d":"1249.40"},null,{"v":1249.4,"d":"1249.40"}]
[2,"040501014002",null,null,"新旧管连接","1.名称:新旧管连接\n2.材质及规格:dn50\n3.连接方式:焊接",{"$nulls":3},"处",1,null,null,746.34,null,746.34]
[{"$nulls":4},"分部小计",{"$nulls":10},1995.74]
[{"$nulls":4},"土方-绿化路面\n（接管点）"]
[3,"040101003001",null,null,"挖基坑土方","1.土壤类别:三类土\n2.de160工作坑尺寸:长3m*宽2m*\n深2m\n3.挖基坑土方:人工",{"$nulls":3},"m3",12,null,null,79.58,null,954.96]
[4,"040103001001",null,null,"回填方","1.工作坑:长3m*宽2m*深2m\n2.砂种类:中粗砂 0.5m厚",{"$nulls":3},"m3",3,null,null,317.96,null,953.88]
[5,"040103001002",null,null,"回填方","1.工作坑:长3m*宽2m*深2m",{"$nulls":3},"m3",9,null,null,16.31,null,146.79]
[6,"040103002001",null,null,"余方弃置","1.工作坑:长3m*宽2m*深2m\n2.废弃料品种:素土\n3.运距:综合考虑",{"$nulls":3},"m3",3,null,null,47.85,null,143.55]
[{"$nulls":4},"分部小计",{"$nulls":10},2199.18]
[{"$nulls":4},"分部小计",{"$nulls":10},4194.92]
[{"$nulls":4},"设备"]
[{"$nulls":4},"调压柜"]
[7,"031007011001",null,null,"调压箱、调压\n装置","1.类型:落地调压柜\n2.型号、规格:500m³/h_双路\n3.安装位置：室外",{"$nulls":3},"台",1,null,null,67380.42,null,67380.42]
[{"$nulls":4},"分部小计",{"$nulls":10},67380.42]
[{"$nulls":4},"燃气表-内部计量"]
[8,"031007005002",null,null,"燃气表","1.类型:流量计及控制器\n2.型号、规格:DN25\n3.连接方式:焊接",{"$nulls":3},"块",2,null,null,14308.75,null,{"v":28617.5,"d":"28617.50"}]
[9,"031003003005",null,null,"噪整器","1.名称:超声波噪整器\n2.材质:钢制\n3.型号、规格:DN25\n4.连接形式:焊接",{"$nulls":3},"个",2,null,null,{"v":707.4,"d":"707.40"},null,{"v":1414.8,"d":"1414.80"}]
["本页小计",{"$nulls":14},101607.64]
["编制人 :                                                   审核人 :                                                  编制日期 : "]
["工程名称：",{"$nulls":9},"第 2 页  共 18 页"]
["序号","项目编码",null,null,"项目名称","项目特征描述",{"$nulls":3},"计量\n单位","工程量",null,null,"金额",null,"（元）"]
[{"$nulls":13},"综合单价",null,"合价"]
[10,"030113015001",null,null,"过滤器","1.名称:超声波过滤器\n2.材质:钢制\n3.型号、规格:DN40\n4.连接形式:焊接",{"$nulls":3},"台",2,null,null,984.22,null,1968.44]
[11,"031007005003",null,null,"燃气表","1.类型:流量计及控制器\n2.型号、规格:DN32\n3.连接方式:焊接",{"$nulls":3},"块",2,null,null,16305.41,null,32610.82]
[12,"031003003006",null,null,"噪整器","1.名称:超声波噪整器\n2.材质:钢制\n3.型号、规格:DN32\n4.连接形式:焊接",{"$nulls":3},"个",2,null,null,{"v":709.4,"d":"709.40"},null,{"v":1418.8,"d":"1418.80"}]
[13,"030113015002",null,null,"过滤器","1.名称:超声波过滤器\n2.材质:钢制\n3.型号、规格:DN50\n4.连接形式:焊接",{"$nulls":3},"台",2,null,null,984.22,null,1968.44]
[14,"031007005004",null,null,"燃气表","1.类型:流量计及控制器\n2.型号、规格:DN40\n3.连接方式:焊接",{"$nulls":3},"块",2,null,null,22996.99,null,45993.98]
[15,"031003003011",null,null,"噪整器","1.名称:超声波噪整器\n2.材质:钢制\n3.型号、规格:DN40\n4.连接形式:焊接",{"$nulls":3},"个",2,null,null,973.72,null,1947.44]
[16,"030113015003",null,null,"过滤器","1.名称:超声波过滤器\n2.材质:钢制\n3.型号、规格:DN80\n4.连接形式:焊接",{"$nulls":3},"台",2,null,null,1318.46,null,2636.92]
[17,"031003011008",null,null,"法兰","1、名称：法兰片\n2、焊接方式：氩电联焊\n3、规格型号： DN25",{"$nulls":3},"副",4,null,null,100.23,null,400.92]
[18,"031003011009",null,null,"法兰","1、名称：法兰片\n2、焊接方式：氩电联焊\n3、规格型号： DN32",{"$nulls":3},"副",4,null,null,148.86,null,595.44]
[19,"031003011010",null,null,"法兰","1、名称：法兰片\n2、焊接方式：氩电联焊\n3、规格型号： DN40",{"$nulls":3},"副",6,null,null,160.49,null,962.94]
[20,"031003011014",null,null,"法兰","1、名称：法兰片\n2、焊接方式：氩电联焊\n3、规格型号： DN50",{"$nulls":3},"副",2,null,null,183.56,null,367.12]
[21,"031003011015",null,null,"法兰","1、名称：法兰片\n2、焊接方式：氩电联焊\n3、规格型号： DN80",{"$nulls":3},"副",2,null,null,284.35,null,{"v":568.7,"d":"568.70"}]
[22,171603005001,null,null,"成品表箱","1、名称：成品表箱\n2、材质：不锈钢",{"$nulls":3},"个",6,null,null,883.41,null,5300.46]
[{"$nulls":4},"分部小计",{"$nulls":10},126772.72]
["本页小计",{"$nulls":14},96740.42]
["\n编制人 :                                                   审核人 :                                                  编制日期 : "]
["工程名称：",{"$nulls":9},"第 3 页  共 18 页"]
["序号","项目编码",null,null,"项目名称","项目特征描述",{"$nulls":3},"计量\n单位","工程量",null,null,"金额",null,"（元）"]
[{"$nulls":13},"综合单价",null,"合价"]
[{"$nulls":4},"燃气表-贸易计量"]
[23,"031007005001",null,null,"燃气表","1.类型:流量计及控制器\n2.型号、规格:DN50\n3.连接方式:焊接",{"$nulls":3},"块",0,null,null,{"v":0,"d":"0.00"},null,{"v":0,"d":"0.00"}]
[24,"031003003004",null,null,"噪整器","1.名称:超声波噪整器\n2.材质:钢制\n3.型号、规格:DN50\n4.连接形式:焊接",{"$nulls":3},"个",0,null,null,{"v":0,"d":"0.00"},null,{"v":0,"d":"0.00"}]
[25,"031003011007",null,null,"法兰","1、名称：法兰片\n2、焊接方式：氩电联焊\n3、规格型号： DN50",{"$nulls":3},"副",6,null,null,183.56,null,1101.36]
[{"$nulls":4},"分部小计",{"$nulls":10},1101.36]
[{"$nulls":4},"分部小计",{"$nulls":10},{"v":195254.5,"d":"195254.50"}]
[{"$nulls":4},"阀门"]
[26,"030611001001",null,null,"针型阀门","1、名称：针型阀门\n2、连接方式：焊接\n3、规格型号： DN15",{"$nulls":3},"个",14,null,null,267.16,null,3740.24]
[27,"031003003001",null,null,"焊接法兰阀门","1、名称：法兰阀门\n2、连接方式：法兰连接\n3、规格型号： DN25",{"$nulls":3},"个",42,null,null,{"v":287.5,"d":"287.50"},null,{"v":12075,"d":"12075.00"}]
[28,"031003003010",null,null,"焊接法兰阀门","1、名称：法兰阀门\n2、连接方式：法兰连接\n3、规格型号： DN40",{"$nulls":3},"个",30,null,null,447.22,null,{"v":13416.6,"d":"13416.60"}]
[29,"031003003002",null,null,"焊接法兰阀门","1、名称：法兰阀门\n2、连接方式：法兰连接\n3、规格型号： DN50",{"$nulls":3},"个",10,null,null,488.59,null,{"v":4885.9,"d":"4885.90"}]
[30,"031003003003",null,null,"焊接法兰阀门","1、名称：法兰阀门\n2、连接方式：法兰连接\n3、规格型号： DN80",{"$nulls":3},"个",6,null,null,899.46,null,5396.76]
[31,"031003011004",null,null,"法兰","1、名称：法兰片\n2、焊接方式：氩电联焊\n3、规格型号： DN25",{"$nulls":3},"副",42,null,null,100.23,null,4209.66]
[32,"031003011013",null,null,"法兰","1、名称：法兰片\n2、焊接方式：氩电联焊\n3、规格型号： DN40",{"$nulls":3},"副",30,null,null,160.49,null,{"v":4814.7,"d":"4814.70"}]
[33,"031003011005",null,null,"法兰","1、名称：法兰片\n2、焊接方式：氩电联焊\n3、规格型号： DN50",{"$nulls":3},"副",10,null,null,183.56,null,{"v":1835.6,"d":"1835.60"}]
[34,"031003011006",null,null,"法兰","1、名称：法兰片\n2、焊接方式：氩电联焊\n3、规格型号： DN80",{"$nulls":3},"副",6,null,null,284.35,null,{"v":1706.1,"d":"1706.10"}]
["本页小计",{"$nulls":14},53181.92]
["编制人 :                                                   审核人 :                                                  编制日期 : "]
["工程名称：",{"$nulls":9},"第 4 页  共 18 页"]
["序号","项目编码",null,null,"项目名称","项目特征描述",{"$nulls":3},"计量\n单位","工程量",null,null,"金额",null,"（元）"]
[{"$nulls":13},"综合单价",null,"合价"]
[35,"031003003008",null,null,"阻火器","1、名称：阻火器\n2、连接方式：法兰连接\n3、规格型号： DN25",{"$nulls":3},"个",3,null,null,{"v":405.8,"d":"405.80"},null,{"v":1217.4,"d":"1217.40"}]
[36,"031003011011",null,null,"法兰","1、名称：法兰片\n2、焊接方式：氩电联焊\n3、规格型号： DN25",{"$nulls":3},"副",3,null,null,100.23,null,300.69]
[37,"031003003009",null,null,"阻火器","1、名称：阻火器\n2、连接方式：法兰连接\n3、规格型号： DN50",{"$nulls":3},"个",2,null,null,675.79,null,1351.58]
[38,"031003011012",null,null,"法兰","1、名称：法兰片\n2、焊接方式：氩电联焊\n3、规格型号： DN50",{"$nulls":3},"副",2,null,null,183.56,null,367.12]
[{"$nulls":4},"分部小计",{"$nulls":10},55317.35]
[{"$nulls":4},"报警器"]
[{"$nulls":4},"电磁阀"]
[39,"030503008001",null,null,"电动、电磁阀\n门","1.名称:切断阀\n2.型号:切断阀_电磁_DN40_法兰\n_停电切断_0.4MPa\n3.其他:检查、校接线或接管、配\n合安装、调整试验、接地、配合\n单体试运转",{"$nulls":3},"个",8,null,null,1222.19,null,9777.52]
[40,"030503008002",null,null,"电动、电磁阀\n门","1.名称:切断阀\n2.型号:切断阀_电磁_DN50_法兰\n_停电切断_0.4MPa\n3.其他:检查、校接线或接管、配\n合安装、调整试验、接地、配合\n单体试运转",{"$nulls":3},"个",4,null,null,1643.81,null,6575.24]
[41,"030503008003",null,null,"电动、电磁阀\n门","1.名称:切断阀\n2.型号:切断阀_电磁_DN80_法兰\n_停电切断_0.4MPa\n3.其他:检查、校接线或接管、配\n合安装、调整试验、接地、配合\n单体试运转",{"$nulls":3},"个",2,null,null,2471.37,null,4942.74]
[42,"031003011002",null,null,"法兰","1、名称：法兰片\n2、连接方式：氩电联焊\n3、规格型号： DN40",{"$nulls":3},"副",8,null,null,160.49,null,1283.92]
[43,"031003011001",null,null,"法兰","1、名称：法兰片\n2、连接方式：氩电联焊\n3、规格型号： DN50",{"$nulls":3},"副",4,null,null,183.56,null,734.24]
[44,"031003011003",null,null,"法兰","1、名称：法兰片\n2、连接方式：氩电联焊\n3、规格型号： DN80",{"$nulls":3},"副",2,null,null,284.35,null,{"v":568.7,"d":"568.70"}]
[{"$nulls":4},"分部小计",{"$nulls":10},23882.36]
["本页小计",{"$nulls":14},27119.15]
["编制人 :                                                   审核人 :                                                  编制日期 : "]
["工程名称：",{"$nulls":9},"第 5 页  共 18 页"]
["序号","项目编码",null,null,"项目名称","项目特征描述",{"$nulls":3},"计量\n单位","工程量",null,null,"金额",null,"（元）"]
[{"$nulls":13},"综合单价",null,"合价"]
[{"$nulls":4},"探测器"]
[45,"030904001001",null,null,"点型探测器","1、名称：点型探测器",{"$nulls":3},"个",47,null,null,2101.79,null,98784.13]
[{"$nulls":4},"分部小计",{"$nulls":10},98784.13]
[{"$nulls":4},"分部小计",{"$nulls":10},122666.49]
[{"$nulls":4},"调压柜"]
[{"$nulls":4},"场面硬化"]
[46,"041001001006",null,null,"拆除路面","1.拆除路面:混凝土面层\n2.厚度:20cm\n3.施工方式：切缝",{"$nulls":3},"m2",25.96,null,null,{"v":36.2,"d":"36.20"},null,939.75]
[47,"041001003006",null,null,"拆除基层","1.拆除基层:水泥稳定碎石\n2.厚度:15cm",{"$nulls":3},"m2",25.96,null,null,19.87,null,515.83]
[48,"040103002012",null,null,"余方弃置","1.废弃料品种:石碴、混凝土破块\n、建筑垃圾\n2.运距:综合考虑",{"$nulls":3},"m3",9.09,null,null,75.15,null,683.11]
[49,"040202015005",null,null,"水泥稳定碎(砾\n)石","1.水泥含量:5%\n2.石料规格:水泥稳定碎(砾)石\n摊铺\n3.厚度:15cm",{"$nulls":3},"m2",21.9,null,null,64.47,null,1411.89]
[50,"040203007005",null,null,"水泥混凝土","1.道路面层:混凝土路面\n2.厚度:20cm  C30\n3.棉毡养生",{"$nulls":3},"m2",21.9,null,null,118.02,null,2584.64]
[{"$nulls":4},"分部小计",{"$nulls":10},6135.22]
[{"$nulls":4},"调压柜基础(\n外形尺寸： 2.9\nm*1.4m）"]
[51,"040101003007",null,null,"挖基坑土方","1.土壤类别:三类土\n2.挖土深度:1.15m\n3.挖基坑土方:人工",{"$nulls":3},"m3",8.05,null,null,79.58,null,640.62]
[52,"040103002011",null,null,"余方弃置","1.废弃料品种:弃置余土\n2.装车方式:人工装车\n3.运距:10km",{"$nulls":3},"m3",8.05,null,null,47.84,null,385.11]
[53,"010501001001",null,null,"垫层","1.混凝土种类:混凝土垫层\n2.混凝土强度等级:C10  100mm\n厚\n3.模板:胶合板模板",{"$nulls":3},"m3",0.5,null,null,585.32,null,292.66]
[54,"010401001001",null,null,"砖基础","1.砖基础:混凝土实心砖240×11\n5× 53\n2.砂浆强度等级:M7.5",{"$nulls":3},"m3",1.57,null,null,679.13,null,1066.23]
[55,"010503004001",null,null,"圈梁","1.混凝土种类:混凝土\n2.混凝土强度等级:C20\n3.模板:胶合板钢支撑",{"$nulls":3},"m3",0.43,null,null,1386.79,null,596.32]
["本页小计",{"$nulls":14},107900.29]
["\n编制人 :                                                   审核人 :                                                  编制日期 : "]
["工程名称：",{"$nulls":9},"第 6 页  共 18 页"]
["序号","项目编码",null,null,"项目名称","项目特征描述",{"$nulls":3},"计量\n单位","工程量",null,null,"金额",null,"（元）"]
[{"$nulls":13},"综合单价",null,"合价"]
[56,"010507007001",null,null,"其他构件","1.构件的类型:地脚螺栓处砼二次\n灌浆\n2.构件规格:240mm*240mm*240\nmm\n3.混凝土强度等级:C20\n4.模板:胶合板木支撑",{"$nulls":3},"m3",0.06,null,null,2503.83,null,150.23]
[57,"070109004001",null,null,"充砂","1. 名称:调压柜基础内填砂\n2.砂种类:中粗砂",{"$nulls":3},"m3",2,null,null,317.96,null,635.92]
[58,"010516001001",null,null,"螺栓","1.螺栓种类:预埋螺栓\n2.规格:M16*220",{"$nulls":3},"t",0.003,null,null,12623.33,null,37.87]
[59,"011201001001",null,null,"墙面一般抹灰","1.墙体类型:砖墙\n2.面层厚度、砂浆配合比:25厚1\n：2.5水泥砂浆抹灰",{"$nulls":3},"m2",8.94,null,null,55.08,null,492.42]
[60,"030409002001",null,null,"接地母线","1.名称:接地母线\n2.材质:镀锌扁钢\n3.规格:40*4",{"$nulls":3},"m",20,null,null,47.47,null,{"v":949.4,"d":"949.40"}]
[61,"030409001001",null,null,"接地极","1.名称:接地极\n2.材质:50*5镀锌角钢\n3.土质:普通",{"$nulls":3},"根",4,null,null,{"v":73.9,"d":"73.90"},null,{"v":295.6,"d":"295.60"}]
[{"$nulls":4},"分部小计",{"$nulls":10},5542.38]
[{"$nulls":4},"分部小计",{"$nulls":10},{"v":11677.6,"d":"11677.60"}]
[{"$nulls":4},"管道"]
[62,"031001006001",null,null,"塑料管","1.材质及规格:PE管_PE80_SDR11\n_de110\n2.连接形式:热熔连接\n3.管道检验及试验要求:按照设计\n说明要求，采用压缩空气进行验\n密性、强度试验，空气吹扫，氮\n气置换",{"$nulls":3},"m",450,null,null,86.86,null,{"v":39087,"d":"39087.00"}]
[63,"031001006002",null,null,"塑料管","1.材质及规格:PE管_PE100_SDR1\n1_de160\n2.连接形式:热熔连接\n3.管道检验及试验要求:按照设计\n说明要求，采用压缩空气进行验\n密性、强度试验，空气吹扫，氮\n气置换",{"$nulls":3},"m",65,null,null,158.05,null,10273.25]
[64,"031001006003",null,null,"塑料管","1.材质及规格:PE管_PE100_SDR1\n7_de160\n2.连接形式:热熔连接\n3.管道检验及试验要求:按照设计\n说明要求，采用压缩空气进行验\n密性、强度试验，空气吹扫，氮\n气置换",{"$nulls":3},"m",95,null,null,120.52,null,{"v":11449.4,"d":"11449.40"}]
["本页小计",{"$nulls":14},63371.09]
["编制人 :                                                   审核人 :                                                  编制日期 : "]
["工程名称：",{"$nulls":9},"第 7 页  共 18 页"]
["序号","项目编码",null,null,"项目名称","项目特征描述",{"$nulls":3},"计量\n单位","工程量",null,null,"金额",null,"（元）"]
[{"$nulls":13},"综合单价",null,"合价"]
[65,"031001002001",null,null,"钢管","1.安装方式:架空敷设\n2.介质:燃气\n3.规格、压力等级:20#钢无缝管\nD32*4.0\n4.连接形式:氩电联焊\n5.压力试验及吹、洗设计要求:气\n压试验、空气吹扫、氮气置换\n6.除锈、环氧富锌底漆一遍，云\n铁中间漆一遍，聚氨酯漆二遍",{"$nulls":3},"m",507,null,null,44.76,null,22693.32]
[66,"031001002002",null,null,"钢管","1.安装方式:架空敷设\n2.介质:燃气\n3.规格、压力等级:20#钢无缝管\nD57*4.0\n4.连接形式:氩电联焊\n5.压力试验及吹、洗设计要求:气\n压试验、空气吹扫、氮气置换\n6.除锈、环氧富锌底漆一遍，云\n铁中间漆一遍，聚氨酯漆二遍",{"$nulls":3},"m",210,null,null,67.31,null,{"v":14135.1,"d":"14135.10"}]
[67,"031001002003",null,null,"钢管","1.安装方式:架空敷设\n2.介质:燃气\n3.规格、压力等级:20#钢无缝管\nD32*4.0 涂塑复合钢管\n4.连接形式:氩电联焊\n5.压力试验及吹、洗设计要求:气\n压试验、空气吹扫、氮气置换",{"$nulls":3},"m",175,null,null,44.19,null,7733.25]
[68,"031001002004",null,null,"钢管","1.安装方式:架空敷设\n2.介质:燃气\n3.规格、压力等级:20#钢无缝管\nD45*4.0 涂塑复合钢管\n4.连接形式:氩电联焊\n5.压力试验及吹、洗设计要求:气\n压试验、空气吹扫、氮气置换",{"$nulls":3},"m",610,null,null,56.53,null,{"v":34483.3,"d":"34483.30"}]
[69,"031001002005",null,null,"钢管","1.安装方式:架空敷设\n2.介质:燃气\n3.规格、压力等级:20#钢无缝管\nD108*5.0 涂塑复合钢管\n4.连接形式:氩电联焊\n5.压力试验及吹、洗设计要求:气\n压试验、空气吹扫、氮气置换",{"$nulls":3},"m",190,null,null,148.35,null,{"v":28186.5,"d":"28186.50"}]
[70,"031001002006",null,null,"钢管","1.安装方式:架空敷设\n2.介质:燃气\n3.规格、压力等级:20#钢无缝管\nD159*5.0 涂塑复合钢管\n4.连接形式:氩电联焊\n5.压力试验及吹、洗设计要求:气\n压试验、空气吹扫、氮气置换",{"$nulls":3},"m",155,null,null,{"v":192.9,"d":"192.90"},null,{"v":29899.5,"d":"29899.50"}]
["本页小计",{"$nulls":14},137130.97]
["编制人 :                                                   审核人 :                                                  编制日期 : "]
["工程名称：",{"$nulls":9},"第 8 页  共 18 页"]
["序号","项目编码",null,null,"项目名称","项目特征描述",{"$nulls":3},"计量\n单位","工程量",null,null,"金额",null,"（元）"]
[{"$nulls":13},"综合单价",null,"合价"]
[71,"031001002007",null,null,"钢管","1.安装方式:架空敷设\n2.介质:燃气\n3.规格、压力等级:20#钢无缝管\nD89*4.0 涂塑复合钢管\n4.连接形式:氩电联焊\n5.压力试验及吹、洗设计要求:气\n压试验、空气吹扫、氮气置换",{"$nulls":3},"m",155,null,null,103.46,null,{"v":16036.3,"d":"16036.30"}]
[72,"031001002008",null,null,"钢管","1.安装方式:架空敷设\n2.介质:燃气\n3.规格、压力等级:20#钢无缝管\nD57*4.0 涂塑复合钢管\n4.连接形式:氩电联焊\n5.压力试验及吹、洗设计要求:气\n压试验、空气吹扫、氮气置换",{"$nulls":3},"m",360,null,null,66.13,null,{"v":23806.8,"d":"23806.80"}]
[{"$nulls":4},"分部小计",{"$nulls":10},237783.72]
[{"$nulls":4},"管沟"]
[{"$nulls":4},"混凝土路面开\n挖恢复"]
[73,"041001001002",null,null,"拆除路面","1.拆除路面:混凝土面层\n2.厚度:20cm\n3.切缝",{"$nulls":3},"m2",49.7,null,null,81.71,null,4060.99]
[74,"041001003002",null,null,"拆除基层","1.拆除基层:水泥稳定碎石\n2.厚度:15cm",{"$nulls":3},"m2",49.7,null,null,19.87,null,987.54]
[75,"040103002009",null,null,"余方弃置","1.废弃料品种:石碴、混凝土破块\n、建筑垃圾\n2.运距:综合考虑",{"$nulls":3},"m3",17.4,null,null,75.15,null,1307.61]
[76,"040101002002",null,null,"挖沟槽土方","1.名称:挖沟槽土方\n2.土壤类别:三类土\n3.挖土深度:0.85米\n4.开挖方式:人工",{"$nulls":3},"m3",42.25,null,null,79.58,null,3362.26]
[77,"040103001008",null,null,"回填方","1.砂种类:中粗砂 0.5m厚",{"$nulls":3},"m3",14.91,null,null,317.96,null,4740.78]
[78,"040103001009",null,null,"回填方","1.填方材料品种:素土",{"$nulls":3},"m3",27.34,null,null,16.31,null,445.92]
[79,"040103002006",null,null,"余方弃置","1.废弃料品种:弃土\n2.运距:综合考虑",{"$nulls":3},"m3",14.91,null,null,47.85,null,713.44]
[80,"040202015002",null,null,"水泥稳定碎(砾\n)石","1.水泥含量:5%\n2.石料规格:水泥稳定碎(砾)石\n摊铺\n3.厚度:15cm",{"$nulls":3},"m2",49.7,null,null,64.47,null,3204.16]
[81,"040203007002",null,null,"水泥混凝土","1.道路面层:混凝土路面\n2.厚度:20cm  C30\n3.棉毡养生",{"$nulls":3},"m2",49.7,null,null,118.02,null,5865.59]
["本页小计",{"$nulls":14},64531.39]
["编制人 :                                                   审核人 :                                                  编制日期 : "]
["工程名称：",{"$nulls":9},"第 9 页  共 18 页"]
["序号","项目编码",null,null,"项目名称","项目特征描述",{"$nulls":3},"计量\n单位","工程量",null,null,"金额",null,"（元）"]
[{"$nulls":13},"综合单价",null,"合价"]
[{"$nulls":4},"分部小计",{"$nulls":10},24688.29]
[{"$nulls":4},"绿化路面开挖\n恢复"]
[82,"040101002001",null,null,"挖沟槽土方","1.名称:挖沟槽土方\n2.土壤类别:三类土\n3.挖土深度:1.2米\n4.开挖方式:人工",{"$nulls":3},"m3",76.44,null,null,79.58,null,{"v":6083.1,"d":"6083.10"}]
[83,"040103001007",null,null,"回填方","1.砂种类:中粗砂 0.5m厚",{"$nulls":3},"m3",19.11,null,null,317.95,null,6076.02]
[84,"040103001006",null,null,"回填方","1.填方材料品种:素土",{"$nulls":3},"m3",57.33,null,null,16.31,null,935.05]
[85,"040103002005",null,null,"余方弃置","1.废弃料品种:弃土\n2.运距:综合考虑",{"$nulls":3},"m3",19.11,null,null,47.85,null,914.41]
[{"$nulls":4},"分部小计",{"$nulls":10},14008.58]
[{"$nulls":4},"分部小计",{"$nulls":10},38696.87]
[{"$nulls":4},"管件"]
[86,"040502004003",null,null,"转换件","1.材质及规格:直管式钢塑转换_\nPE100_SDR11_dn110/108_3PE防\n腐",{"$nulls":3},"个",2,null,null,487.52,null,975.04]
[87,"040502004004",null,null,"转换件","1.材质及规格:直管式钢塑转换_\nPE100_SDR11_dn160/159_3PE防\n腐",{"$nulls":3},"个",4,null,null,843.13,null,3372.52]
[88,"030804014001",null,null,"低压塑料管件","1.种类:热熔弯头\n2.材质及规格:PE80_SDR11_dn1\n10\n3.连接方式:热熔连接",{"$nulls":3},"个",8,null,null,179.24,null,1433.92]
[89,"030804014002",null,null,"低压塑料管件","1.种类:热熔套筒\n2.材质及规格:PE80_SDR11_dn1\n10\n3.连接方式:热熔连接",{"$nulls":3},"个",14,null,null,169.87,null,2378.18]
[90,"030804014003",null,null,"低压塑料管件","1.种类:热熔三通\n2.材质及规格:PE80_SDR11_dn1\n10\n3.连接方式:热熔连接",{"$nulls":3},"个",1,null,null,183.72,null,183.72]
[91,"030804014004",null,null,"低压塑料管件","1.种类:热熔管帽\n2.材质及规格:PE80_SDR11_dn1\n10\n3.连接方式:热熔连接",{"$nulls":3},"个",1,null,null,156.84,null,156.84]
[92,"030804014005",null,null,"低压塑料管件","1.种类:热熔变径\n2.材质及规格:PE80_SDR11_dn1\n10\n3.连接方式:热熔连接",{"$nulls":3},"个",1,null,null,158.73,null,158.73]
["本页小计",{"$nulls":14},22667.53]
["编制人 :                                                   审核人 :                                                  编制日期 : "]
["工程名称：",{"$nulls":9},"第 10 页  共 18 页"]
["序号","项目编码",null,null,"项目名称","项目特征描述",{"$nulls":3},"计量\n单位","工程量",null,null,"金额",null,"（元）"]
[{"$nulls":13},"综合单价",null,"合价"]
[93,"030804014006",null,null,"低压塑料管件","1.种类:热熔弯头\n2.材质及规格:PE100_SDR11_dn\n160\n3.连接方式:热熔连接",{"$nulls":3},"个",6,null,null,264.94,null,1589.64]
[94,"030804014007",null,null,"低压塑料管件","1.种类:热熔弯头\n2.材质及规格:PE100_SDR11_dn\n160\n3.连接方式:热熔连接",{"$nulls":3},"个",6,null,null,284.11,null,1704.66]
[95,"030804014008",null,null,"低压塑料管件","1.种类:热熔三通\n2.材质及规格:PE100_SDR11_dn\n160\n3.连接方式:热熔连接",{"$nulls":3},"个",1,null,null,305.95,null,305.95]
[96,"030804001001",null,null,"低压碳钢管件","1.种类:钢制管帽\n2.材质及规格:20#碳钢_DN50\n3.接口形式:氩电联焊",{"$nulls":3},"个",6,null,null,59.67,null,358.02]
[97,"030804001002",null,null,"低压碳钢管件","1.种类:钢制弯头\n2.材质及规格:20#碳钢_DN50\n3.接口形式:氩电联焊",{"$nulls":3},"个",90,null,null,64.61,null,{"v":5814.9,"d":"5814.90"}]
[98,"030804001003",null,null,"低压碳钢管件","1.种类:钢制异径三通\n2.材质及规格:20#碳钢_DN50\n3.接口形式:氩电联焊",{"$nulls":3},"个",23,null,null,89.05,null,2048.15]
[99,"030804001004",null,null,"低压碳钢管件","1.种类:钢制三通\n2.材质及规格:20#碳钢_DN50\n3.接口形式:氩电联焊",{"$nulls":3},"个",2,null,null,93.73,null,187.46]
[100,"030804001005",null,null,"低压碳钢管件","1.种类:钢制异径接头\n2.材质及规格:20#碳钢_DN50\n3.接口形式:氩电联焊",{"$nulls":3},"个",4,null,null,66.82,null,267.28]
[101,"030804001006",null,null,"低压碳钢管件","1.种类:钢制管帽\n2.材质及规格:20#碳钢_DN80\n3.接口形式:氩电联焊",{"$nulls":3},"个",4,null,null,104.05,null,{"v":416.2,"d":"416.20"}]
[102,"030804001007",null,null,"低压碳钢管件","1.种类:钢制弯头\n2.材质及规格:20#碳钢_DN80\n3.接口形式:氩电联焊",{"$nulls":3},"个",30,null,null,119.13,null,{"v":3573.9,"d":"3573.90"}]
[103,"030804001008",null,null,"低压碳钢管件","1.种类:钢制异径三通\n2.材质及规格:20#碳钢_DN80\n3.接口形式:氩电联焊",{"$nulls":3},"个",6,null,null,155.01,null,930.06]
[104,"030804001009",null,null,"低压碳钢管件","1.种类:钢制异径\n2.材质及规格:20#碳钢_DN80\n3.接口形式:氩电联焊",{"$nulls":3},"个",4,null,null,113.28,null,453.12]
[105,"030804001010",null,null,"低压碳钢管件","1.种类:钢制管帽\n2.材质及规格:20#碳钢_DN100\n3.接口形式:氩电联焊",{"$nulls":3},"个",3,null,null,142.84,null,428.52]
["本页小计",{"$nulls":14},18077.86]
["编制人 :                                                   审核人 :                                                  编制日期 : "]
["工程名称：",{"$nulls":9},"第 11 页  共 18 页"]
["序号","项目编码",null,null,"项目名称","项目特征描述",{"$nulls":3},"计量\n单位","工程量",null,null,"金额",null,"（元）"]
[{"$nulls":13},"综合单价",null,"合价"]
[106,"030804001011",null,null,"低压碳钢管件","1.种类:钢制弯头\n2.材质及规格:20#碳钢_DN100\n3.接口形式:氩电联焊",{"$nulls":3},"个",40,null,null,{"v":174.3,"d":"174.30"},null,{"v":6972,"d":"6972.00"}]
[107,"030804001012",null,null,"低压碳钢管件","1.种类:钢制异径三通\n2.材质及规格:20#碳钢_DN100\n3.接口形式:氩电联焊",{"$nulls":3},"个",3,null,null,223.44,null,670.32]
[108,"030804001013",null,null,"低压碳钢管件","1.种类:钢制异径三通\n2.材质及规格:20#碳钢_DN100\n3.接口形式:氩电联焊",{"$nulls":3},"个",3,null,null,223.44,null,670.32]
[109,"030804001014",null,null,"低压碳钢管件","1.种类:钢制异径\n2.材质及规格:20#碳钢_DN100\n3.接口形式:氩电联焊",{"$nulls":3},"个",1,null,null,160.65,null,160.65]
[110,"030804001015",null,null,"低压碳钢管件","1.种类:钢制管帽\n2.材质及规格:20#碳钢_DN150\n3.接口形式:氩电联焊",{"$nulls":3},"个",1,null,null,221.51,null,221.51]
[111,"030804001016",null,null,"低压碳钢管件","1.种类:钢制弯头\n2.材质及规格:20#碳钢_DN150\n3.接口形式:氩电联焊",{"$nulls":3},"个",16,null,null,289.11,null,4625.76]
[112,"030804001017",null,null,"低压碳钢管件","1.种类:钢制异径三通\n2.材质及规格:20#碳钢_DN150\n3.接口形式:氩电联焊",{"$nulls":3},"个",1,null,null,393.76,null,393.76]
[113,"030804001025",null,null,"低压碳钢管件","1.种类:钢制异径三通\n2.材质及规格:20#碳钢_DN150\n3.接口形式:氩电联焊",{"$nulls":3},"个",1,null,null,359.26,null,359.26]
[114,"030804001018",null,null,"低压碳钢管件","1.种类:钢制异径\n2.材质及规格:20#碳钢_DN150\n3.接口形式:氩电联焊",{"$nulls":3},"个",2,null,null,268.31,null,536.62]
[115,"030804001019",null,null,"低压碳钢管件","1.种类:钢制弯头\n2.材质及规格:20#碳钢_DN25\n3.接口形式:氩电联焊",{"$nulls":3},"个",410,null,null,{"v":35.6,"d":"35.60"},null,{"v":14596,"d":"14596.00"}]
[116,"030804001020",null,null,"低压碳钢管件","1.种类:钢制三通\n2.材质及规格:20#碳钢_DN25\n3.接口形式:氩电联焊",{"$nulls":3},"个",3,null,null,44.83,null,134.49]
[117,"030804001021",null,null,"低压碳钢管件","1.种类:钢制弯头\n2.材质及规格:20#碳钢_DN40\n3.接口形式:氩电联焊",{"$nulls":3},"个",180,null,null,51.82,null,{"v":9327.6,"d":"9327.60"}]
[118,"030804001022",null,null,"低压碳钢管件","1.种类:钢制异径三通\n2.材质及规格:20#碳钢_DN40\n3.接口形式:氩电联焊",{"$nulls":3},"个",30,null,null,66.77,null,{"v":2003.1,"d":"2003.10"}]
[119,"030804001024",null,null,"低压碳钢管件","1.种类:钢制三通\n2.材质及规格:20#碳钢_DN40\n3.接口形式:氩电联焊",{"$nulls":3},"个",12,null,null,63.06,null,756.72]
["本页小计",{"$nulls":14},41428.11]
["编制人 :                                                   审核人 :                                                  编制日期 : "]
[]
["工程名称：",{"$nulls":9},"第 12 页  共 18 页"]
["序号","项目编码",null,null,"项目名称","项目特征描述",{"$nulls":3},"计量\n单位","工程量",null,null,"金额（元）"]
[{"$nulls":13},"综合单价",null,"合价"]
[120,"030804001023",null,null,"低压碳钢管件","1.种类:钢制异径\n2.材质及规格:20#碳钢_DN40\n3.接口形式:氩电联焊",{"$nulls":3},"个",4,null,null,54.29,null,217.16]
[{"$nulls":4},"分部小计",{"$nulls":10},68382.08]
[{"$nulls":4},"阀门井dn110-\n绿化路面"]
[121,"040502005001",null,null,"阀门","1.种类:PE双放散球阀\n2.材质及规格:de110\n3.连接方式:电熔连接",{"$nulls":3},"个",2,null,null,2097.51,null,4195.02]
[122,"040504001001",null,null,"砌筑井","1.名称:阀门井 Φ700\n2.井规格、外形:收口井，下底Φ\n1.2m、收口 Φ0.7m\n3.垫层、基础材质及厚度:C10混\n凝土\n4.砌筑材料品种、规格、强度等\n级:砖、水泥砂浆砌筑\n5.井盖、井圈材质及规格: Φ0.7\nm的圆形井盖井座 重型\n6.其它:井内填砂",{"$nulls":3},"座",2,null,null,4143.51,null,8287.02]
[123,"040101003002",null,null,"挖基坑土方","1.土壤类别:三类土\n2.挖土深度:1.7m\n3.井尺寸:内径φ1.2m，外径φ1\n.68m，工作宽度0.3m\n4.挖基坑土方:人工",{"$nulls":3},"m3",21.25,null,null,79.58,null,1691.08]
[124,"040103001004",null,null,"回填方","1.密实度要求:压实\n2.填方材料品种:素土(不得有废\n旧构筑物、硬石头、木头和垃圾\n等杂物)",{"$nulls":3},"m3",13.72,null,null,16.31,null,223.77]
[125,"040103002002",null,null,"余方弃置","1.废弃料品种:弃置余土\n2.装车方式:人工装车\n3.运距:10km",{"$nulls":3},"m3",7.53,null,null,47.85,null,360.31]
[{"$nulls":4},"分部小计",{"$nulls":10},{"v":14757.2,"d":"14757.20"}]
[{"$nulls":4},"阀门井dn110-\n水泥路面"]
[126,"040502005002",null,null,"阀门","1.种类:PE双放散球阀\n2.材质及规格:de110\n3.连接方式:电熔连接",{"$nulls":3},"个",1,null,null,2097.51,null,2097.51]
["本页小计",{"$nulls":14},17071.87]
["编制人 :                                                   审核人 :                                                  编制日期 : "]
["工程名称：",{"$nulls":9},"第 13 页  共 18 页"]
["序号","项目编码",null,null,"项目名称","项目特征描述",{"$nulls":3},"计量\n单位","工程量",null,null,"金额",null,"（元）"]
[{"$nulls":13},"综合单价",null,"合价"]
[127,"040504001002",null,null,"砌筑井","1.名称:阀门井 Φ700\n2.井规格、外形:收口井，下底Φ\n1.2m、收口 Φ0.7m\n3.垫层、基础材质及厚度:C10混\n凝土\n4.砌筑材料品种、规格、强度等\n级:砖、水泥砂浆砌筑\n5.井盖、井圈材质及规格: Φ0.7\nm的圆形井盖井座 重型\n6.其它:井内填砂",{"$nulls":3},"座",1,null,null,4143.51,null,4143.51]
[128,"041001001001",null,null,"拆除路面","1.工作坑:长2.5m*宽2.5m\n2.拆除道路面层:混凝土面\n3.厚度:20cm",{"$nulls":3},"m2",6.25,null,null,45.68,null,{"v":285.5,"d":"285.50"}]
[129,"041001003001",null,null,"拆除基层","1.工作坑:长2.5m*宽2.5m\n2.拆除道路基层:水泥稳定碎石\n3.厚度:15cm",{"$nulls":3},"m2",6.25,null,null,19.87,null,124.19]
[130,"040103002004",null,null,"余方弃置","1.废弃料品种:石碴、混凝土破块\n、建筑垃圾\n2.运距:综合考虑",{"$nulls":3},"m3",2.19,null,null,75.15,null,164.58]
[131,"040101003003",null,null,"挖基坑土方","1.土壤类别:三类土\n2.挖土深度:1.35m\n3.井尺寸:内径φ1.2m，外径φ1\n.68m，工作宽度0.3m\n4.挖基坑土方:人工",{"$nulls":3},"m3",8.44,null,null,79.58,null,671.66]
[132,"040103001005",null,null,"回填方","1.密实度要求:压实\n2.填方材料品种:素土(不得有废\n旧构筑物、硬石头、木头和垃圾\n等杂物)",{"$nulls":3},"m3",5.45,null,null,16.31,null,88.89]
[133,"040103002003",null,null,"余方弃置","1.废弃料品种:弃置余土\n2.装车方式:人工装车\n3.运距:10km",{"$nulls":3},"m3",2.99,null,null,47.85,null,143.07]
[134,"040202015001",null,null,"水泥稳定碎(砾\n)石","1.水泥含量:5%\n2.石料规格:水泥稳定碎(砾)石\n摊铺\n3.厚度:15cm",{"$nulls":3},"m2",6.25,null,null,64.47,null,402.94]
[135,"040203007001",null,null,"水泥混凝土","1.道路面层:混凝土路面\n2.厚度:20cm  C30\n3.棉毡养生",{"$nulls":3},"m2",6.25,null,null,118.02,null,737.63]
[{"$nulls":4},"分部小计",{"$nulls":10},8859.48]
[{"$nulls":4},"检查井"]
[136,"040504001003",null,null,"砌筑井",{"$nulls":4},"座",4,null,null,4805.39,null,19221.56]
[{"$nulls":4},"分部小计",{"$nulls":10},19221.56]
["本页小计",{"$nulls":14},25983.53]
["编制人 :                                                   审核人 :                                                  编制日期 : "]
[]
["工程名称：",{"$nulls":9},"第 14 页  共 18 页"]
["序号","项目编码",null,null,"项目名称","项目特征描述",{"$nulls":3},"计量\n单位","工程量",null,null,"金额（元）"]
[{"$nulls":13},"综合单价",null,"合价"]
[{"$nulls":4},"其他"]
[137,"031002003002",null,null,"套管","1.名称:出地套管\n2.套管规格:20#钢无缝管_D219_\n6mm  涂塑复合钢管\n3.填料材质:沥青油麻",{"$nulls":3},"个",4,null,null,1240.38,null,4961.52]
[138,"031002003003",null,null,"套管","1.名称:穿墙套管（调压柜）\n2.套管规格:20#钢无缝管_D219_\n6mm  涂塑复合钢管\n3.填料材质:沥青油麻",{"$nulls":3},"个",2,null,null,338.79,null,677.58]
[139,"031002003004",null,null,"套管","1.名称:穿墙套管\n2.套管规格:钢套管_DN100\n3.填料材质:沥青油麻",{"$nulls":3},"个",4,null,null,114.32,null,457.28]
[140,"031002003005",null,null,"套管","1.名称:穿墙套管\n2.套管规格:钢套管_DN150\n3.填料材质:沥青油麻",{"$nulls":3},"个",1,null,null,185.85,null,185.85]
[141,"031002003006",null,null,"套管","1.名称:穿墙套管\n2.套管规格:钢套管_DN80\n3.填料材质:沥青油麻",{"$nulls":3},"个",3,null,null,104.76,null,314.28]
[142,"031002003007",null,null,"套管","1.名称:穿墙套管\n2.套管规格:钢套管_DN50\n3.填料材质:沥青油麻",{"$nulls":3},"个",16,null,null,48.39,null,774.24]
[143,"030816003003",null,null,"焊缝X射线探伤","1.名称：X射线探伤\n2.规格型号： 80mm*150mm\n3.壁厚： 16mm以内",{"$nulls":3},"张",3029.8,null,null,52.37,null,158670.63]
[144,"030816003004",null,null,"焊缝X射线探伤","1.名称：X射线探伤\n2.规格型号： 80mm*300mm\n3.壁厚： 16mm以内",{"$nulls":3},"张",186,null,null,58.23,null,10830.78]
[145,"030816005001",null,null,"焊缝超声波探伤","1.名称：超声波探伤\n2.规格型号： 150mm以内",{"$nulls":3},"口",1405.9,null,null,16.99,null,23886.24]
[146,"040501020001",null,null,"警示（示踪）\n带铺设","1.规格:警示带_20cm",{"$nulls":3},"m",105,null,null,2.96,null,{"v":310.8,"d":"310.80"}]
[147,"040205018001",null,null,"警示柱","1.名称:标示桩_玻璃钢_120mm*1\n20mm*1200mm_直线\n2.安装方式:埋地",{"$nulls":3},"根",40,null,null,103.48,null,{"v":4139.2,"d":"4139.20"}]
[148,"080601011002",null,null,"标志牌、标桩","1.名称:标志砖",{"$nulls":3},"根",8,null,null,16.38,null,131.04]
[149,171410003001,null,null,"接地跨接线","1.名称:跨接线_铜芯软线_BVR_6\nmm",{"$nulls":3},"处",122,null,null,41.35,null,{"v":5044.7,"d":"5044.70"}]
[150,171603001001,null,null,"成品管卡","1.类型:成品管卡 DN150\n2.材质:镀锌",{"$nulls":3},"个",30,null,null,17.13,null,{"v":513.9,"d":"513.90"}]
[151,171603001002,null,null,"成品管卡","1.类型:成品管卡 DN100\n2.材质:镀锌",{"$nulls":3},"个",30,null,null,12.35,null,{"v":370.5,"d":"370.50"}]
["本页小计",{"$nulls":14},211268.54]
["编制人 :                                                   审核人 :                                                  编制日期 : "]
["工程名称：",{"$nulls":9},"第 15 页  共 18 页"]
["序号","项目编码",null,null,"项目名称","项目特征描述",{"$nulls":3},"计量\n单位","工程量",null,null,"金额",null,"（元）"]
[{"$nulls":13},"综合单价",null,"合价"]
[152,171603001004,null,null,"成品管卡","1.类型:成品管卡 DN80\n2.材质:镀锌",{"$nulls":3},"个",40,null,null,10.35,null,{"v":414,"d":"414.00"}]
[153,171603001005,null,null,"成品管卡","1.类型:成品管卡 DN50\n2.材质:镀锌",{"$nulls":3},"个",150,null,null,8.12,null,{"v":1218,"d":"1218.00"}]
[154,171603001007,null,null,"成品管卡","1.类型:成品管卡 DN40\n2.材质:镀锌",{"$nulls":3},"个",180,null,null,6.69,null,{"v":1204.2,"d":"1204.20"}]
[155,171603001006,null,null,"成品管卡","1.类型:成品管卡 DN25\n2.材质:镀锌",{"$nulls":3},"个",200,null,null,{"v":4.4,"d":"4.40"},null,{"v":880,"d":"880.00"}]
[156,"031002001001",null,null,"管道支架","1.材质:8#槽钢\n2.除锈、刷漆:防锈漆二遍，银粉\n漆二遍",{"$nulls":3},"kg",482.4,null,null,18.65,null,8996.76]
[157,"031002001002",null,null,"管道支架","1.材质：角钢\n2.除锈、刷漆:防锈漆二遍，银粉\n漆二遍",{"$nulls":3},"kg",1636.66,null,null,18.65,null,30523.71]
[158,"041106001001",null,null,"大型机械设备\n进出场及安拆","1.机械名称：货车\n2.规格型号： 20t\n3.运输距离：材料从仓库运至施\n工现场",{"$nulls":3},"台．\n次",1,null,null,7165.92,null,7165.92]
[{"$nulls":4},"分部小计",{"$nulls":10},261671.13]
[{"$nulls":4},"定向钻-dn110\n（绿化路面）"]
[{"$nulls":4},"土方"]
[159,"040101003004",null,null,"挖基坑土方","1.土壤类别:三类土\n2.dn110定向钻工作坑尺寸:长3m\n*宽1.5m*深2m(两处)\n3.挖基坑土方:人工",{"$nulls":3},"m3",18,null,null,79.58,null,1432.44]
[160,"040103001011",null,null,"回填方","1.密实度要求:小型机械压实\n2.填方材料品种:素土(不得有废\n旧构筑物、硬石头、木头和垃圾\n等杂物)",{"$nulls":3},"m3",18,null,null,16.31,null,293.58]
[{"$nulls":4},"分部小计",{"$nulls":10},1726.02]
[{"$nulls":4},"安装"]
[161,"040501008001",null,null,"水平导向钻进","1.土壤类别:土层\n2.材质及规格:PE管_dn110_黑色\n3.一次成孔长度:266m(一钻)\n4.接口方式:熔接\n5.泥浆要求:按要求配比\n6.管道检验及试验要求:参照设计\n说明\n7.集中防腐运距:综合考虑",{"$nulls":3},"m",266,null,null,224.56,null,59732.96]
[{"$nulls":4},"分部小计",{"$nulls":10},59732.96]
[{"$nulls":4},"分部小计",{"$nulls":10},61458.98]
["本页小计",{"$nulls":14},111861.57]
["编制人 :                                                   审核人 :                                                  编制日期 : "]
["工程名称：",{"$nulls":9},"第 16 页  共 18 页"]
["序号","项目编码",null,null,"项目名称","项目特征描述",{"$nulls":3},"计量\n单位","工程量",null,null,"金额",null,"（元）"]
[{"$nulls":13},"综合单价",null,"合价"]
[{"$nulls":4},"定向钻-dn110\n（水泥路面）"]
[{"$nulls":4},"土方"]
[162,"041001001003",null,null,"拆除路面","1.dn110定向钻工作坑尺寸:长3m\n*宽1.5m*深2m(两处)\n2.拆除道路面层:混凝土面\n3.厚度:20cm",{"$nulls":3},"m2",9,null,null,50.37,null,453.33]
[163,"041001003003",null,null,"拆除基层","1.dn110定向钻工作坑尺寸:长3m\n*宽1.5m*深2m(两处)\n2.拆除道路基层:水泥稳定碎石\n3.厚度:15cm",{"$nulls":3},"m2",9,null,null,19.87,null,178.83]
[164,"040103002007",null,null,"余方弃置","1.废弃料品种:混凝土破块弃置\n2.装车方式:人工装车\n3.运距:10km",{"$nulls":3},"m3",3.15,null,null,75.15,null,236.72]
[165,"040101003005",null,null,"挖基坑土方","1.土壤类别:三类土\n2.dn110定向钻工作坑尺寸:长3m\n*宽1.5m*深1.65m(两处)\n3.挖基坑土方:人工",{"$nulls":3},"m3",14.85,null,null,79.58,null,1181.76]
[166,"040103001012",null,null,"回填方","1.密实度要求:小型机械压实\n2.填方材料品种:素土(不得有废\n旧构筑物、硬石头、木头和垃圾\n等杂物)",{"$nulls":3},"m3",14.85,null,null,16.31,null,{"v":242.2,"d":"242.20"}]
[167,"040202015003",null,null,"水泥稳定碎(砾\n)石","1.水泥含量:5%\n2.石料规格:水泥稳定碎(砾)石\n摊铺\n3.厚度:15cm",{"$nulls":3},"m2",9,null,null,64.47,null,580.23]
[168,"040203007003",null,null,"水泥混凝土","1.道路面层:混凝土路面\n2.厚度:20cm  C30\n3.棉毡养生",{"$nulls":3},"m2",9,null,null,118.02,null,1062.18]
[{"$nulls":4},"分部小计",{"$nulls":10},3935.25]
[{"$nulls":4},"安装"]
[169,"040501008002",null,null,"水平导向钻进","1.土壤类别:土层\n2.材质及规格:PE管_dn110_黑色\n3.一次成孔长度:117m(一钻)\n4.接口方式:熔接\n5.泥浆要求:按要求配比\n6.管道检验及试验要求:参照设计\n说明\n7.集中防腐运距:综合考虑",{"$nulls":3},"m",117,null,null,224.68,null,26287.56]
[{"$nulls":4},"分部小计",{"$nulls":10},26287.56]
[{"$nulls":4},"分部小计",{"$nulls":10},30222.81]
[{"$nulls":4},"定向钻-dn160\n（水泥路面）"]
["本页小计",{"$nulls":14},30222.81]
["\n编制人 :                                                   审核人 :                                                  编制日期 : "]
["工程名称：",{"$nulls":9},"第 17 页  共 18 页"]
["序号","项目编码",null,null,"项目名称","项目特征描述",{"$nulls":3},"计量\n单位","工程量",null,null,"金额",null,"（元）"]
[{"$nulls":13},"综合单价",null,"合价"]
[{"$nulls":4},"土方"]
[170,"041001001004",null,null,"拆除路面","1.dn160定向钻工作坑尺寸:长3m\n*宽1.5m*深2m(两处)\n2.拆除道路面层:混凝土面\n3.厚度:20cm",{"$nulls":3},"m2",9,null,null,50.37,null,453.33]
[171,"041001003004",null,null,"拆除基层","1.dn160定向钻工作坑尺寸:长3m\n*宽1.5m*深2m(两处)\n2.拆除道路基层:水泥稳定碎石\n3.厚度:15cm",{"$nulls":3},"m2",9,null,null,19.87,null,178.83]
[172,"040103002008",null,null,"余方弃置","1.废弃料品种:混凝土破块弃置\n2.装车方式:人工装车\n3.运距:10km",{"$nulls":3},"m3",3.15,null,null,75.15,null,236.72]
[173,"040101003006",null,null,"挖基坑土方","1.土壤类别:三类土\n2.dn160定向钻工作坑尺寸:长3m\n*宽1.5m*深1.65m(两处)\n3.挖基坑土方:人工",{"$nulls":3},"m3",14.85,null,null,79.58,null,1181.76]
[174,"040103001013",null,null,"回填方","1.密实度要求:小型机械压实\n2.填方材料品种:素土(不得有废\n旧构筑物、硬石头、木头和垃圾\n等杂物)",{"$nulls":3},"m3",14.85,null,null,16.31,null,{"v":242.2,"d":"242.20"}]
[175,"040202015004",null,null,"水泥稳定碎(砾\n)石","1.水泥含量:5%\n2.石料规格:水泥稳定碎(砾)石\n摊铺\n3.厚度:15cm",{"$nulls":3},"m2",9,null,null,64.47,null,580.23]
[176,"040203007004",null,null,"水泥混凝土","1.道路面层:混凝土路面\n2.厚度:20cm  C30\n3.棉毡养生",{"$nulls":3},"m2",9,null,null,118.02,null,1062.18]
[{"$nulls":4},"分部小计",{"$nulls":10},3935.25]
[{"$nulls":4},"安装"]
[177,"040501008003",null,null,"水平导向钻进","1.土壤类别:土层\n2.材质及规格:PE管_dn160_黑色\n3.一次成孔长度:117m(一钻)\n4.接口方式:熔接\n5.泥浆要求:按要求配比\n6.管道检验及试验要求:参照设计\n说明\n7.集中防腐运距:综合考虑",{"$nulls":3},"m",65,null,null,274.65,null,17852.25]
[{"$nulls":4},"分部小计",{"$nulls":10},17852.25]
[{"$nulls":4},"分部小计",{"$nulls":10},{"v":21787.5,"d":"21787.50"}]
[{"$nulls":4},"立柱基础"]
[{"$nulls":4},"立柱基础"]
["本页小计",{"$nulls":14},{"v":21787.5,"d":"21787.50"}]
["编制人 :                                                   审核人 :                                                  编制日期 : "]
["工程名称：",{"$nulls":9},"第 18 页  共 18 页"]
["序号","项目编码",null,null,"项目名称","项目特征描述",{"$nulls":3},"计量\n单位","工程量",null,null,"金额",null,"（元）"]
[{"$nulls":13},"综合单价",null,"合价"]
[178,"040101003008",null,null,"挖基坑土方","1.土壤类别:三类土\n2.挖土深度:0.65m",{"$nulls":3},"m3",1.95,null,null,79.58,null,155.18]
[179,"040103002017",null,null,"余方弃置","1.废弃料品种:弃置余土\n2.装车方式:人工装车\n3.运距:10km",{"$nulls":3},"m3",1.95,null,null,47.85,null,93.31]
[180,"010501001002",null,null,"垫层","1.混凝土种类:混凝土垫层\n2.混凝土强度等级:C10  100mm\n厚\n3.模板:胶合板模板",{"$nulls":3},"m3",0.3,null,null,{"v":945.8,"d":"945.80"},null,283.74]
[181,"010507007002",null,null,"其他构件","1.构件的类型:砼二次灌浆\n2.构件规格:500mm*500mm*550\nmm\n3.混凝土强度等级:C20",{"$nulls":3},"m3",1.65,null,null,687.19,null,1133.86]
[182,170403009001,null,null,"预埋铁件","1.名称：钢立柱\n2.规格型号： DN100\n3.除锈、刷漆：银粉漆二遍",{"$nulls":3},"t",1380,null,null,8.41,null,{"v":11605.8,"d":"11605.80"}]
[{"$nulls":4},"分部小计",{"$nulls":10},13271.89]
[{"$nulls":4},"场面硬化"]
[183,"041001001007",null,null,"拆除路面","1.拆除路面:混凝土面层\n2.厚度:20cm\n3.切缝",{"$nulls":3},"m2",12,null,null,73.87,null,886.44]
[184,"041001003007",null,null,"拆除基层","1.拆除基层:水泥稳定碎石\n2.厚度:15cm",{"$nulls":3},"m2",12,null,null,19.87,null,238.44]
[185,"040103002016",null,null,"余方弃置","1.废弃料品种:石碴、混凝土破块\n、建筑垃圾\n2.运距:综合考虑",{"$nulls":3},"m3",4.2,null,null,75.15,null,315.63]
[186,"040202015006",null,null,"水泥稳定碎(砾\n)石","1.水泥含量:5%\n2.石料规格:水泥稳定碎(砾)石\n摊铺\n3.厚度:15cm",{"$nulls":3},"m2",12,null,null,64.47,null,773.64]
[187,"040203007006",null,null,"水泥混凝土","1.道路面层:混凝土路面\n2.厚度:20cm  C30\n3.棉毡养生",{"$nulls":3},"m2",12,null,null,118.02,null,1416.24]
[{"$nulls":4},"分部小计",{"$nulls":10},3630.39]
[{"$nulls":4},"分部小计",{"$nulls":10},16902.28]
[{"$nulls":4},"措施项目"]
[188,"031301017001",null,null,"脚手架搭拆",{"$nulls":4},"项",1,null,null,15762.58,null,15762.58]
[{"$nulls":4},"分部小计",{"$nulls":10},15762.58]
["本页小计",{"$nulls":14},32664.86]
["合   计",{"$nulls":14},1184617.05]
["编制人 :                                                   审核人 :                                                  编制日期 : "]